<?xml version="1.0" encoding="UTF-8"?>
<record
    xmlns:xsi="http://www.w3.org/2001/XMLSchema-instance"
    xsi:schemaLocation="http://www.loc.gov/MARC21/slim http://www.loc.gov/standards/marcxml/schema/MARC21slim.xsd"
    xmlns="http://www.loc.gov/MARC21/slim">

  <leader>01867nam a2200349 a 4500</leader>
  <controlfield tag="003">CHAP</controlfield>
  <controlfield tag="005">20230418124845.0</controlfield>
  <controlfield tag="007">ta</controlfield>
  <controlfield tag="008">230412s2011    mx abdofr||||a001 0 spa d</controlfield>
  <datafield tag="020" ind1=" " ind2=" ">
    <subfield code="a">978-607-715-040-4</subfield>
  </datafield>
  <datafield tag="020" ind1=" " ind2=" ">
    <subfield code="a">978-607-7699-26-2</subfield>
  </datafield>
  <datafield tag="040" ind1=" " ind2=" ">
    <subfield code="a">mxchpua</subfield>
    <subfield code="c">CHAP</subfield>
    <subfield code="e">rda</subfield>
  </datafield>
  <datafield tag="050" ind1="1" ind2="0">
    <subfield code="a">SB351.C43 </subfield>
    <subfield code="b">.C33 2011</subfield>
  </datafield>
  <datafield tag="082" ind1="0" ind2="0">
    <subfield code="a">635.64</subfield>
    <subfield code="b">C33 2011</subfield>
    <subfield code="2">20</subfield>
  </datafield>
  <datafield tag="100" ind1="1" ind2=" ">
    <subfield code="9">128146</subfield>
    <subfield code="a">Cadena I&#xF1;iguez, Jorge</subfield>
    <subfield code="e">autor</subfield>
  </datafield>
  <datafield tag="245" ind1="1" ind2="4">
    <subfield code="a">Las variedades del chayote (Sechium edule (Jacq.) Sw.) y su comercio mundial /</subfield>
    <subfield code="c">Jorge Cadena &#xCD;&#xF1;iguez y Ma. de Lourdes C. Ar&#xE9;valo Galarza</subfield>
  </datafield>
  <datafield tag="250" ind1=" " ind2=" ">
    <subfield code="a">1a edici&#xF3;n</subfield>
  </datafield>
  <datafield tag="264" ind1=" " ind2=" ">
    <subfield code="a">M&#xE9;xico :</subfield>
    <subfield code="b">Colegio de Postgraduados,</subfield>
    <subfield code="c">2011</subfield>
  </datafield>
  <datafield tag="300" ind1=" " ind2=" ">
    <subfield code="a">ix, 98 p&#xE1;ginas :</subfield>
    <subfield code="b">ilustraciones, gr&#xE1;ficas, mapas, tablas, fotos</subfield>
  </datafield>
  <datafield tag="336" ind1=" " ind2=" ">
    <subfield code="2">rdacontent</subfield>
    <subfield code="a">texto</subfield>
    <subfield code="b">txt</subfield>
  </datafield>
  <datafield tag="337" ind1=" " ind2=" ">
    <subfield code="2">rdamedia</subfield>
    <subfield code="a">sin medio</subfield>
    <subfield code="b">n</subfield>
  </datafield>
  <datafield tag="338" ind1=" " ind2=" ">
    <subfield code="2">rdacarrier</subfield>
    <subfield code="a">volumen</subfield>
    <subfield code="b">nc</subfield>
  </datafield>
  <datafield tag="490" ind1="1" ind2=" ">
    <subfield code="a">Biblioteca B&#xE1;sica de Agricultura (Colegio de Postgraduados)</subfield>
  </datafield>
  <datafield tag="504" ind1=" " ind2=" ">
    <subfield code="a">Bibliograf&#xED;a: p&#xE1;ginas 93-98</subfield>
  </datafield>
  <datafield tag="520" ind1="2" ind2=" ">
    <subfield code="a">n esta obra se hace una descripci&#xF3;n detallada de las principales variedades de chayote (Sechium edule), un recurso alimentario usado desde tiempos precolombinos. El prop&#xF3;sito de los autores es revalorar, promover la conservaci&#xF3;n y abrir ventanas de oportunidad para esta planta. Los principales t&#xF3;picos tratados son: Variedades de chayote, Caracter&#xED;sticas nutricionales, Mercado de exportaci&#xF3;n, Composici&#xF3;n bioqu&#xED;mica (con resultados in&#xE9;ditos), Momento &#xF3;ptimo de corte (hort&#xED;cola y fisiol&#xF3;gico).</subfield>
  </datafield>
  <datafield tag="650" ind1="1" ind2="7">
    <subfield code="9">22080</subfield>
    <subfield code="a">Chayote</subfield>
    <subfield code="x">Comercializaci&#xF3;n</subfield>
  </datafield>
  <datafield tag="650" ind1="1" ind2="3">
    <subfield code="9">162079</subfield>
    <subfield code="a">Sechium edule</subfield>
    <subfield code="x">Aspectos econ&#xF3;micos</subfield>
    <subfield code="z">M&#xE9;xico  </subfield>
  </datafield>
  <datafield tag="650" ind1="1" ind2="3">
    <subfield code="9">162082</subfield>
    <subfield code="a">Sechium edule</subfield>
    <subfield code="x">Economical aspects</subfield>
    <subfield code="z">Mexico</subfield>
  </datafield>
  <datafield tag="700" ind1="1" ind2=" ">
    <subfield code="9">7312</subfield>
    <subfield code="a">Ar&#xE9;valo Galarza, Mar&#xED;a de Lourdes Catalina</subfield>
    <subfield code="e">autora</subfield>
  </datafield>
  <datafield tag="830" ind1=" " ind2="0">
    <subfield code="9">186443</subfield>
    <subfield code="a">Biblioteca B&#xE1;sica de Agricultura (Colegio de Postgraduados)</subfield>
  </datafield>
  <datafield tag="942" ind1=" " ind2=" ">
    <subfield code="2">ddc</subfield>
    <subfield code="c">Libro</subfield>
  </datafield>
  <datafield tag="999" ind1=" " ind2=" ">
    <subfield code="c">218600</subfield>
    <subfield code="d">218600</subfield>
  </datafield>
  <datafield tag="952" ind1=" " ind2=" ">
    <subfield code="0">0</subfield>
    <subfield code="1">0</subfield>
    <subfield code="2">ddc</subfield>
    <subfield code="4">0</subfield>
    <subfield code="5">1</subfield>
    <subfield code="7">0</subfield>
    <subfield code="8">GRAL</subfield>
    <subfield code="a">IA_</subfield>
    <subfield code="b">IA_</subfield>
    <subfield code="d">2021-12-09</subfield>
    <subfield code="e">Compra Librer&#xED;a UACh F. 39645</subfield>
    <subfield code="i">Consumo</subfield>
    <subfield code="l">0</subfield>
    <subfield code="o">635.64 C33 2011</subfield>
    <subfield code="p">1102014626</subfield>
    <subfield code="r">2023-04-12 00:00:00</subfield>
    <subfield code="t">Ej. 1</subfield>
    <subfield code="w">2023-04-12</subfield>
    <subfield code="y">LIBRO</subfield>
  </datafield>
  <datafield tag="952" ind1=" " ind2=" ">
    <subfield code="0">0</subfield>
    <subfield code="1">0</subfield>
    <subfield code="2">ddc</subfield>
    <subfield code="4">0</subfield>
    <subfield code="5">2</subfield>
    <subfield code="7">0</subfield>
    <subfield code="8">GRAL</subfield>
    <subfield code="a">BC</subfield>
    <subfield code="b">BC</subfield>
    <subfield code="c">PP_GRAL</subfield>
    <subfield code="d">2024-03-12</subfield>
    <subfield code="l">0</subfield>
    <subfield code="o">635.627 C12</subfield>
    <subfield code="p">33724002584548</subfield>
    <subfield code="r">2024-03-12 00:00:00</subfield>
    <subfield code="w">2024-03-12</subfield>
    <subfield code="y">LIBRO</subfield>
  </datafield>
</record>
